000 01084nam a2200205 4500
999 _c63827
_d63827
003 Ge_BSU
005 20260129135213.0
008 260129s2025 ge ||||| |||| 00| 0 geo d
041 _ageo
080 _a82 კ-36
100 _aკახაბერიძე, ქეთინო
_926754
245 _aვიქტორ ქორქიას შემოქმედების ძირითადი მხატვრული და შინაარსობრივი თავისებურებები :
_bდისერტაცია /
_cქეთინო კახაბერიძე; სამეცნიერო ხელმძღვანელი ნანა ქაჯაია.
264 _aბათუმი,
_c2025.
300 _a136 გვ.;
_b30 სმ.
504 _aბიბლიოგრ. გვ. 133-136
653 _aფილოლოგია
653 _aდისერტაცია
700 _aქაჯაია, ნანა
_eსამეცნიერო ხელმძღვანელი
_926755
942 _2udc
_cDS